000 00372nam a2200133 i 4500
001 bg
100 1 _aAbbey, Staton
_d(1912- ).
245 1 0 _aObsługa układów kierowniczych hamulcowych i zawieszenia pojazdów samochodowych /
_cStaton Abbey.
260 _aWarszawa,
_c1978.
040 _cBPK
041 _apol
942 _cKS
008 s pl f |000 0 pol
999 _c17999
_d17999
856 _uhttp://koha.tu.koszalin.pl/cgi-bin/koha/opac-detail.pl?biblionumber=17999
_yKatalog online BPK